Statistics for Top Ten (10) countries receiving Aid from UK in 2016

Click here to take the quiz!

General Stats

  • This quiz has been taken 33 times
  • The average score is 7 of 10

Answer Stats

HintAnswer% Correct
5) £280 MillionAfghanistan
84%
1) £470 MillionPakistan
84%
4) £320 MillionNigeria
78%
2) £350 MillionSyria
78%
10) £150 MillionSomalia
75%
3) £330 MillionEthiopia
69%
8) £160 MillionSouth Sudan
66%
6) £180 MillionTanzania
53%
9) £150 MillionSierra Leone
44%
7) £175 MillionJordan
28%

Score Distribution

Percentile by Number Answered

Percent of People with Each Score

Your Score History

You have not taken this quiz